La vente en droit belge
Gardado en:
| Autor Principal: | |
|---|---|
| Formato: | Libro |
| Idioma: | francés |
| Publicado: |
Bruselas
Emile Bruylant
1960
|
| Subjects: | |
| Tags: |
Engadir etiqueta
Sen Etiquetas, Sexa o primeiro en etiquetar este rexistro!
|
MARC
| LEADER | 00000nam a2200000 a 4500 | ||
|---|---|---|---|
| 001 | UCS1362 | ||
| 003 | CL-VaPUC | ||
| 008 | 970509e19600000be |||||||||||||||||fre|d | ||
| 082 | 0 | 4 | |a 346.072 |b LIM |2 21 |
| 100 | |a Limpens, Jean |e autor |9 385746 | ||
| 245 | 1 | 3 | |a La vente en droit belge |
| 300 | |a 828 p | ||
| 942 | |c BK | ||
| 945 | |d 19970509 00:00:00 |a paguirre | ||
| 260 | |a Bruselas |b Emile Bruylant |c 1960 | ||
| 650 | 0 | |a Derecho civil |9 255013 | |
| 650 | 0 | |a Derecho mercantil |9 371888 | |
| 650 | 0 | |a Compraventa |9 255413 | |
| 650 | 0 | |a Obligaciones |9 255578 | |
| 650 | 0 | |a Contratos |9 255153 | |
| 651 | 7 | |a BELGICA |2 CL-VaPUC |9 315122 | |
| 583 | |a last modification |c 20150507 03:39:28 |k Rodrigo Vera | ||
| 999 | |c 259457 |d 259455 | ||
| 952 | |0 0 |1 0 |4 0 |6 346_072000000000000_LIM_1960 |7 0 |8 A |9 284190 |a BIBDER |b BIBDER |d 2019-11-19 |i 1845616 |o 346.072 LIM 1960 |p 1845616 |r 2023-01-25 |w 2019-11-19 |y BK |k DER | ||